| 000 | 00384nam a2200109Ia 4500 | ||
|---|---|---|---|
| 008 | 160909s9999 xx 000 0 und d | ||
| 100 | _aCanchola, Annette C. | ||
| 245 | _aBetter Quality for Health: Lean Consulting Firm | ||
| 260 |
_bCalifornia State University, Long Beach. _c2016 |
||
| 650 | _aFINANCIAL MANAGEMENT | ||
| 856 | _uhttp://pqdtopen.proquest.com/doc/1786723823.html?FMT=ABS | ||
| 999 |
_c304599 _d304599 |
||